000 00763nam a22002177a 4500
005 20100805124952.0
010 _aENG-98281
020 _a9788190919173
_c100.00
035 _aEN-81814
037 _bDBAD/PUB
082 _a954.0841
100 _aSivagami, P.
_96766
245 _aFreedom movement and extremists /
_cby P. Sivagami
260 _aSakthi Nagar
_bOm Sakthi Publishers
_c2009
270 _aBrammadesam Post
_bSakthi Nagar
_e638315
300 _a146p.
_c20cm (pbk)
650 _aIndian National Movement
_96767
650 _aFreedom Movement
_96768
942 _2ddc
_cEN
_h954.0841
_mSIV
999 _c39414
_d39414